<?xml version="1.0" encoding="UTF-8"?>
<record
    xmlns:xsi="http://www.w3.org/2001/XMLSchema-instance"
    xsi:schemaLocation="http://www.loc.gov/MARC21/slim http://www.loc.gov/standards/marcxml/schema/MARC21slim.xsd"
    xmlns="http://www.loc.gov/MARC21/slim">

  <leader>01550cam a2200397 ia4500</leader>
  <controlfield tag="001">zz2004986650</controlfield>
  <controlfield tag="003">NUKAT</controlfield>
  <controlfield tag="005">20260422200241.0</controlfield>
  <controlfield tag="008">040604s1873    pl       e   |000 0 pol c</controlfield>
  <datafield tag="035" ind1=" " ind2=" ">
    <subfield code="a">(OCoLC)749634206</subfield>
  </datafield>
  <datafield tag="035" ind1=" " ind2=" ">
    <subfield code="a">(NUKAT)zz2004986650</subfield>
  </datafield>
  <datafield tag="040" ind1=" " ind2=" ">
    <subfield code="a">LUBL M/JD</subfield>
    <subfield code="c">LUBL M/JD</subfield>
    <subfield code="d">LUBL M/IK</subfield>
    <subfield code="d">TOR U/kn</subfield>
    <subfield code="d">&#x141; U/GSs</subfield>
    <subfield code="d">WA U/DK</subfield>
  </datafield>
  <datafield tag="046" ind1=" " ind2=" ">
    <subfield code="k">1873</subfield>
  </datafield>
  <datafield tag="245" ind1="0" ind2="0">
    <subfield code="a">Encyklopedja ko&#x15B;cielna :</subfield>
    <subfield code="b">pod&#x142;ug teologicznej encyklopedji Wetzera i Weltego, z licznemi jej dope&#x142;nieniami.</subfield>
    <subfield code="n">T. 1- /</subfield>
    <subfield code="c">przy wsp&#xF3;&#x142;pr. kilkunastu duchownych i &#x15B;wieckich os&#xF3;b wyd. przez Micha&#x142;a Nowodworskiego.</subfield>
  </datafield>
  <datafield tag="246" ind1="3" ind2=" ">
    <subfield code="a">Encyklopedia ko&#x15B;cielna</subfield>
  </datafield>
  <datafield tag="260" ind1=" " ind2=" ">
    <subfield code="a">Warszawa :</subfield>
    <subfield code="b">w Drukarni Czerwi&#x144;skiego i Sp&#xF3;&#x142;ki,</subfield>
    <subfield code="c">1873-.</subfield>
  </datafield>
  <datafield tag="300" ind1=" " ind2=" ">
    <subfield code="a">Wol. ;</subfield>
    <subfield code="c">23 cm.</subfield>
  </datafield>
  <datafield tag="336" ind1=" " ind2=" ">
    <subfield code="a">Tekst</subfield>
    <subfield code="b">txt</subfield>
    <subfield code="2">rdacontent</subfield>
  </datafield>
  <datafield tag="337" ind1=" " ind2=" ">
    <subfield code="a">Bez urz&#x105;dzenia po&#x15B;rednicz&#x105;cego</subfield>
    <subfield code="b">n</subfield>
    <subfield code="2">rdamedia</subfield>
  </datafield>
  <datafield tag="338" ind1=" " ind2=" ">
    <subfield code="a">Wolumin</subfield>
    <subfield code="b">nc</subfield>
    <subfield code="2">rdacarrier</subfield>
  </datafield>
  <datafield tag="380" ind1=" " ind2=" ">
    <subfield code="a">Ksi&#x105;&#x17C;ki</subfield>
  </datafield>
  <datafield tag="380" ind1=" " ind2=" ">
    <subfield code="a">Publikacje informacyjne</subfield>
  </datafield>
  <datafield tag="388" ind1="1" ind2=" ">
    <subfield code="a">1801-1900</subfield>
  </datafield>
  <datafield tag="530" ind1=" " ind2=" ">
    <subfield code="a">Dost&#x119;pny r&#xF3;wnie&#x17C; w formie elektronicznej.</subfield>
  </datafield>
  <datafield tag="650" ind1=" " ind2="7">
    <subfield code="a">Chrze&#x15B;cija&#x144;stwo</subfield>
    <subfield code="2">DBN</subfield>
    <subfield code="9">40337</subfield>
  </datafield>
  <datafield tag="650" ind1=" " ind2="7">
    <subfield code="a">Katolicyzm</subfield>
    <subfield code="2">DBN</subfield>
    <subfield code="9">35191</subfield>
  </datafield>
  <datafield tag="650" ind1=" " ind2="7">
    <subfield code="a">Religioznawstwo</subfield>
    <subfield code="2">DBN</subfield>
    <subfield code="9">40415</subfield>
  </datafield>
  <datafield tag="650" ind1=" " ind2="7">
    <subfield code="a">Ko&#x15B;ci&#xF3;&#x142;</subfield>
    <subfield code="v">encyklopedie.</subfield>
    <subfield code="2">kaba</subfield>
    <subfield code="9">40416</subfield>
  </datafield>
  <datafield tag="650" ind1=" " ind2="7">
    <subfield code="a">Chrze&#x15B;cija&#x144;stwo</subfield>
    <subfield code="v">encyklopedie.</subfield>
    <subfield code="2">kaba</subfield>
    <subfield code="9">40417</subfield>
  </datafield>
  <datafield tag="650" ind1=" " ind2="7">
    <subfield code="a">Chrze&#x15B;cija&#x144;stwo</subfield>
    <subfield code="v">biografie</subfield>
    <subfield code="v">s&#x142;owniki.</subfield>
    <subfield code="2">kaba</subfield>
    <subfield code="9">40418</subfield>
  </datafield>
  <datafield tag="655" ind1=" " ind2="7">
    <subfield code="a">Encyklopedia</subfield>
    <subfield code="2">DBN</subfield>
    <subfield code="9">34994</subfield>
  </datafield>
  <datafield tag="658" ind1=" " ind2=" ">
    <subfield code="a">Religia i duchowo&#x15B;&#x107;</subfield>
  </datafield>
  <datafield tag="700" ind1="1" ind2=" ">
    <subfield code="a">Nowodworski, Micha&#x142;</subfield>
    <subfield code="d">(1831-1896).</subfield>
    <subfield code="e">Wyd.</subfield>
    <subfield code="9">40419</subfield>
  </datafield>
  <datafield tag="856" ind1="4" ind2="1">
    <subfield code="u">http://polona.pl/item/40738467</subfield>
  </datafield>
  <datafield tag="942" ind1=" " ind2=" ">
    <subfield code="2">ddc</subfield>
    <subfield code="c">BK_NM</subfield>
  </datafield>
  <datafield tag="999" ind1=" " ind2=" ">
    <subfield code="c">27730</subfield>
    <subfield code="d">27730</subfield>
  </datafield>
  <datafield tag="952" ind1=" " ind2=" ">
    <subfield code="0">0</subfield>
    <subfield code="1">0</subfield>
    <subfield code="2">ddc</subfield>
    <subfield code="4">0</subfield>
    <subfield code="7">0</subfield>
    <subfield code="8">PBKH</subfield>
    <subfield code="a">BIP</subfield>
    <subfield code="b">PBKH</subfield>
    <subfield code="d">2026-04-22</subfield>
    <subfield code="e">K-38/1965</subfield>
    <subfield code="f">K</subfield>
    <subfield code="h">T. 21, Pozytywizm-Prusy. - 1896. - VI, [2], 648 s.</subfield>
    <subfield code="i">16123/23</subfield>
    <subfield code="l">0</subfield>
    <subfield code="o">16123/23</subfield>
    <subfield code="p">IPWK23793</subfield>
    <subfield code="r">2026-04-22 20:06:30</subfield>
    <subfield code="w">2026-04-22</subfield>
    <subfield code="y">BK_NM</subfield>
  </datafield>
</record>
